Potenciál využitia informačných a komunikačných technológií vo výrobe

Príspevok je zameraný na teoretickú analýzu výroby z hľadiska rozvojového manažmentu výroby s prihliadnutím na využitie informačných a komunikačných technológií v podnikoch. Zameriava sa na zadefinovanie výroby, obsahovej náplni a tiež jednotlivým typom výroby. Hlavným cieľom príspevku je, prostredn...

Ausführliche Beschreibung

Gespeichert in:
Bibliographische Detailangaben
1. Verfasser: Biela, Alexandra
Format: Buchkapitel
Sprache:Slowakisch
Schlagworte:
Tags: Tag hinzufügen
Keine Tags, Fügen Sie das erste Tag hinzu!

MARC

LEADER 00000naa$a2200000$$$4500
001 0290391
005 20240502074449.8
041 0 |a slo 
044 |a SK 
245 1 0 |a Potenciál využitia informačných a komunikačných technológií vo výrobe  |c Alexandra Biela 
520 |a Príspevok je zameraný na teoretickú analýzu výroby z hľadiska rozvojového manažmentu výroby s prihliadnutím na využitie informačných a komunikačných technológií v podnikoch. Zameriava sa na zadefinovanie výroby, obsahovej náplni a tiež jednotlivým typom výroby. Hlavným cieľom príspevku je, prostredníctvom teoretickej analýzy, zovšeobecnenie poznatkov súvisiacich s rozvojovým manažmentom výroby s prihliadnutím na potenciál využitia informačno-komunikačných technológií v rozvoji výrobných procesov v podnikoch. Výsledkom je vyhodnotenie úrovne vybraných ukazovateľov IKT vo výrobných podnikoch a komparatívna analýza vybraných ERP systémov poskytovaných na Slovensku. 
610 2 0 |a technológie informačné 
610 2 0 |a technológie komunikačné 
610 2 0 |a manažment 
610 2 0 |a výroba 
610 2 0 |a podnik 
610 2 0 |a procesy podnikové 
610 2 0 |a systémy informačné 
610 2 0 |a analýzy 
610 2 0 |a Slovensko 
100 1 |a Biela, Alexandra